250 digits of pi in 15seconds! - Statistics

General Stats
  • This quiz has been taken 1,280 times
  • The average score is 164 of 251
Answer Stats
# % Correct
1
98%
4
95%
3.
91%
3
91%
5
68%
9
60%
2
59%
6
54%
8
46%
7
43%
0
28%
No matching quizzes found
Score Distribution
Percent of People with Each Score
Percentile by Number Answered
Your Score History
You have not taken this quiz